Черновик секретного проекта [Иллариона Васильевича Васильчикова?] "Основные правила о будущем внутреннем устройстве казенных кре...

Доступно только в Электронных читальных залах Найти на картеНа карте
RUSMARC
00003539nmc2a2200000 x 450
001ff70b2b2-a81d-48f5-a061-fb48f1fc35da
00520151217180246.0
100##$a20150618l18411845k l0rusy0189 ca
1010#$arus
102##$aRU
2001#$aЧерновик секретного проекта [Иллариона Васильевича Васильчикова?] "Основные правила о будущем внутреннем устройстве казенных крестьян и взимании с них повинностей"
$j[Первая половина 1840-х] гг.
251##$cДело
300##$aДело
801#0$aRU
$bРГИА
$c20150618
$gRCR
801#1$aRU
$bГлавНИВЦ
$c20150618
$2rusmarc
801#2$aRU
$bПБ им. Б.Н. Ельцина
$c20151217
$gRCR
$2rusmarc
850##$aРГИА
852##$aРГИА
$eФедеральное казенное учреждение "Российский государственный исторический архив" (РГИА)
$j255
937##$hРГИА
$d12146590
$aASBIBLIO_SCAN
462#0$1001822e29f6-cf5c-4253-b938-c1de610979e5
$12001
$aАрхив князей Васильчиковых. 1706-1917 гг.
$1251
$cОпись
$1852
$j1
461#0$1001f72a1ecb-9a9a-44e3-87ff-4a647e6521fe
$12001
$aВасильчиковы, князья
$1251
$cФонд
$1852
$j651
215##$a10 л.
$d36,5х26 см
371##$aДокумент не является опубликованным и широко распространяемым
105##$ay###
1220#$ad
035##$aff70b2b2-a81d-48f5-a061-fb48f1fc35da
Формат отображения